| 000 | 00749cam a2200229 a 4500 | ||
|---|---|---|---|
| 020 | _a0070602344 | ||
| 082 | 0 |
_a310 _bSPI _c16096 |
|
| 100 | 1 |
_aSpiegel, Murray R. _951 |
|
| 245 | 1 | 0 |
_aSchaum's outline of theory and problems of statistics / _cMurray R. Spiegel. |
| 250 | _a1st ed. | ||
| 260 |
_aNew York : _bMcGraw-Hill, _cc1981. |
||
| 300 |
_a360 p. : _bill. ; _c28 cm. |
||
| 490 | 1 | _aSchaum's outline series. Schaum's outline series in mathematics | |
| 500 | _aIncludes index. | ||
| 526 |
_a0 _b0 _c0 _d310_000000000000000_SPI |
||
| 526 |
_a0 _b0 _c0 _d310_000000000000000_SPI |
||
| 526 |
_a0 _b0 _c0 _d310_000000000000000_SPI |
||
| 526 |
_a0 _b0 _c0 _d310_000000000000000_SPI |
||
| 650 | 0 |
_aMCE _9379 |
|
| 650 | 0 |
_aStatistics _969 |
|
| 942 |
_2ddc _cBK |
||
| 999 |
_c542488 _d542488 |
||